Empresa arquitectos-ingenieros asociados (2019-2020)

El documento se conforma en tres partes, la primera parte se explica de manera general el origen, misión y visión, trabajos realizado por la empresa y el organigrama con la posición del practicante en el equipo de técnico. En la segunda se describe las actividades que se desarrollan en la iglesi...

Full description

Bibliographic Details
Main Author: Brenes Chirinos, Kathleen Allyson
Other Authors: Tutor: Morales Sánchez, Erick Alejandro
Format: Tesis Section = Libro
Language:Undetermined
Spanish
Published: Managua UNI 2021
Subjects:
LEADER 01227nam a2200217Ia 4500
008 240830s9999 xx 000 0 und d
040 |a BIBLIOTECA-RUSB/ Mon 721 B837 
041 |a spa 
082 |a Mon 721 B837 
100 1 |a Brenes Chirinos, Kathleen Allyson 
245 1 0 |a Empresa arquitectos-ingenieros asociados (2019-2020) 
260 |a Managua  |b UNI  |c 2021 
300 |a 76 p.: il. 
500 |a Incluye anexos y CD. 
502 |a Tesis (Arquitecto) - UNI, 2016. 
520 3 |a El documento se conforma en tres partes, la primera parte se explica de manera general el origen, misión y visión, trabajos realizado por la empresa y el organigrama con la posición del practicante en el equipo de técnico. En la segunda se describe las actividades que se desarrollan en la iglesia Casa De Mi Gloria, la tercera parte se documenta cada actividad realizadas evidenciadas con datos y fotografías. En la que se tuvo una participación en un periodo comprendido de un año octubre 2019 octubre 2020. 
650 7 |a PRACTICAS PROFESIONALES 2. PLANIFICACION DE PROYECTOS 3. GERENCIA DE PROYECTOS 4. CONSTRUCCION DE OBRAS 
700 1 |a Tutor:  |b Morales Sánchez, Erick Alejandro 
942 |c BK  |2 ddc 
991 |a TESIS 
999 |c 22209